Memòria d'actuació ... / Espai Natural la Conreria - Sant Mateu - Céllecs
Publicado:
[S.l :
Consorci la Conreria - Sant Mateu - Céllecs], Diputació de Barcelona, Consell Comarcal del Maresme, Consell Comarcal del Vallès Oriental, [1998]
Descripción Física:
il. ; 23 x 21 cm
Otros Autores:
Consorci la Conreria - Sant Mateu - Céllecs
MARC
| LEADER | 00000nam a2200000Ia 4500 | ||
|---|---|---|---|
| 001 | 22072 | ||
| 008 | 160829s9999 xx 000 0 cat d | ||
| 080 | |a FU-49-60 | ||
| 110 | 2 | |a Espai Natural de la Conreria-Sant Mateu-Céllecs (Catalunya) |9 54251 | |
| 245 | |a Memòria d'actuació ... / Espai Natural la Conreria - Sant Mateu - Céllecs | ||
| 260 | |a [S.l. : |b Consorci la Conreria - Sant Mateu - Céllecs], Diputació de Barcelona, Consell Comarcal del Maresme, Consell Comarcal del Vallès Oriental, [1998] | ||
| 300 | |a il. ; |c 23 x 21 cm | ||
| 590 | |a Anual | ||
| 610 | 2 | 0 | |a Espai Natural de la Conreria-Sant Mateu-Céllecs (Catalunya) |9 54251 |
| 700 | |a Consorci la Conreria - Sant Mateu - Céllecs |9 39487 | ||
| 710 | 1 | |a Vallès Occidental (Catalunya). |b Consell Comarcal |9 53703 | |
| 710 | 2 | |a Maresme (Catalunya). |b Consell Comarcal |9 51582 | |
| 710 | 1 | |a Barcelona (Catalunya : Província). |b Diputació |9 52408 | |
| 866 | |a 1997 | ||
| 901 | |a Arxiu | ||
| 942 | |n 1 | ||
| 952 | |0 0 |1 0 |4 0 |7 1 |9 49041 |a Arxiu |b Arxiu |d 2016-12-01 |h 2002 |o FU-49-60 |p 22072 |r 2016-12-01 00:00:00 |w 2016-12-01 |y ARXIU | ||
| 999 | |c 52877 |d 52877 | ||